An introduction to abstract harmonic analysis (Record no. 61818)
[ view plain ]
| 000 -LEADER | |
|---|---|
| fixed length control field | 00429 a2200157 4500 |
| 082 ## - DEWEY DECIMAL CLASSIFICATION NUMBER | |
| Classification number | 516.56 |
| Item number | L873i |
| 100 ## - MAIN ENTRY--PERSONAL NAME | |
| Personal name | Loomis, Lynn H., 1915- |
| 245 ## - TITLE STATEMENT | |
| Title | An introduction to abstract harmonic analysis |
| 260 ## - PUBLICATION, DISTRIBUTION, ETC. | |
| Place of publication, distribution, etc. | Princeton(N.J) |
| Name of publisher, distributor, etc. | Van Nostrand |
| Date of publication, distribution, etc. | 1953 |
| 300 ## - PHYSICAL DESCRIPTION | |
| Extent | x,190p. |
| 504 ## - BIBLIOGRAPHY, ETC. NOTE | |
| Bibliography, etc. note | P.185-187 |
| 650 ## - SUBJECT ADDED ENTRY--TOPICAL TERM | |
| Topical term or geographic name entry element | Abstract algebra |
| 9 (RLIN) | 14695 |
| 650 ## - SUBJECT ADDED ENTRY--TOPICAL TERM | |
| Topical term or geographic name entry element | Harmonic analysis |
| 9 (RLIN) | 10565 |
| 653 ## - INDEX TERM--UNCONTROLLED | |
| Uncontrolled term | Prgjective geometry |
| 942 ## - ADDED ENTRY ELEMENTS (KOHA) | |
| Source of classification or shelving scheme | Dewey Decimal Classification |
| Koha item type | General Collections |
| Withdrawn status | Lost status | Source of classification or shelving scheme | Damaged status | Not for loan | Home library | Current library | Date acquired | Total Checkouts | Full call number | Barcode | Date last seen | Date last checked out | Price effective from | Koha item type |
|---|---|---|---|---|---|---|---|---|---|---|---|---|---|---|
| Dewey Decimal Classification | Tribhuvan University Central Library | Tribhuvan University Central Library | 08/10/2011 | 1 | 516.56 L873i | 57846 | 08/12/2014 | 08/01/2014 | 08/10/2011 | General Collections |
